书目信息 |
| 题名: |
秦皇岛革命史
|
|
| 作者: | ;中共秦皇岛市委党史资料征集办公室编 编印 | |
| 分册: | ||
| 出版信息: | 北京 中共党史出版社 1986 |
|
| 页数: | 115页 | |
| 开本: | 20cm | |
| 丛书名: | ||
| 单 册: | ||
| 中图分类: | K265.06 | |
| 科图分类: | ||
| 主题词: | 抗日战争--kang ri zhan zheng--秦皇岛市--史料 , 抗日战争--kang ri zhan zheng | |
| 电子资源: | ||
| ISBN: | ||
| 000 | 01128nam0 2200277 450 | |
| 000 | 01091nam0 2200265 450 | |
| 000 | 01148nam0 2200265 450 | |
| 001 | 003146937 | |
| 005 | 20150323083814.89 | |
| 010 | @dCNY20.00 | |
| 100 | @a20060426d1986 em y0chiy0110 ea | |
| 101 | 0 | @achi |
| 102 | @aCN@b110000 | |
| 105 | @aa z 000yd | |
| 106 | @ar | |
| 200 | 1 | @a秦皇岛革命史@Aqin huang dao ge ming shi@f中共秦皇岛市委党史资料征集办公室编编印 |
| 210 | @a北京@c中共党史出版社@d1986 | |
| 215 | @a115页@d20cm | |
| 330 | @a本志记述时间上限起于1931年1月,下限止于1945年9月,分为概述、大事记、建置、区划、重要战事、滦东抗日根据地、地方政党组织、地方政权、中外武装力量、战时经济、战时文化教育、日伪军暴行、人物、抗日战士纪念地等15个部分。 | |
| 606 | 0 | @a抗日战争@Akang ri zhan zheng@y秦皇岛市@j史料 |
| 606 | 0 | @a抗日战争@Akang ri zhan zheng |
| 690 | @aK265.06@v4 | |
| 711 | 02 | @a中共秦皇岛市委党史资料征集办公室编@Azhong gong qin huang dao shi wei dang shi zi liao zheng ji ban gong shi bian@4编印 |
| 801 | 0 | @aCN@bNLC@c20060622 |
| 905 | @b0847820@dK265.06@e108@f1 | |
| 秦皇岛革命史/中共秦皇岛市委党史资料征集办公室编编印.-北京:中共党史出版社,1986 |
| 115页;20cm |
| ISBN :CNY20.00 |
| 本志记述时间上限起于1931年1月,下限止于1945年9月,分为概述、大事记、建置、区划、重要战事、滦东抗日根据地、地方政党组织、地方政权、中外武装力量、战时经济、战时文化教育、日伪军暴行、人物、抗日战士纪念地等15个部分。 |
| ● |
| 相关链接 |
|
|
|
|
正题名:秦皇岛革命史
索取号:K265.06/108
 
预约/预借
| 序号 | 登录号 | 条形码 | 馆藏地/架位号 | 状态 | 备注 |
| 1 | 0847820 | 208478208 | 地方文献典藏中心/ [索取号:K265.06/108] | 在馆 |